Administración : (Record no. 5525)

MARC details
000 -LEADER
campo de control de longitud fija 03359nam a22004217a 4500
003 - IDENTIFICADOR DE NÚMERO DE CONTROL
campo de control BO-EaUP
005 - FECHA Y HORA DE LA ÚLTIMA TRANSACCIÓN
campo de control 20260511153929.0
008 - DATOS DE LONGITUD FIJA--INFORMACIÓN GENERAL
campo de control de longitud fija 260511b2022 sp ad|||r|||| 00| 0 spa d
020 ## - NÚMERO INTERNACIONAL ESTÁNDAR DEL LIBRO
Número Internacional Estándar del Libro 978-607-15-1708-1
040 ## - FUENTE DE CATALOGACIÓN
Centro catalogador/agencia de origen Biblioadmiempresas
Lengua de catalogación spa
Centro/agencia transcriptor Biblioadmiempresas
Normas de descripción RDA
041 ## - CÓDIGO DE IDIOMA
Código de lengua del texto/banda sonora o título independiente spa
043 ## - CÓDIGO DE ÁREA GEOGRÁFICA
Código de área geográfica n-mx
082 ## - NÚMERO DE LA CLASIFICACIÓN DECIMAL DEWEY
Número de edición 21
Número de clasificación 658
092 ## - ASIGNACIÓN LOCAL DE SIGNATURA TOPOGRÁFICA DEWEY (OCLC)
Número de clasificación 658
Signatura Librística K75a
100 1# - ENTRADA PRINCIPAL--NOMBRE DE PERSONA
Nombre de persona Koontz, Harold
Término indicativo de función/relación Autor
9 (RLIN) 20
245 10 - MENCIÓN DEL TÍTULO
Título Administración :
Subtítulo una perspectiva global, Emprendedora y de Innovación /
Mención de responsabilidad, etc. Harold Koontz
250 ## - MENCION DE EDICION
Mención de edición Decimosexta edición
260 ## - PUBLICACIÓN, DISTRIBUCIÓN, ETC.
Lugar de publicación, distribución, etc. Mexico ;
Nombre del editor, distribuidor, etc. McGraw-Hill,
Fecha de publicación, distribución, etc. 2021
300 ## - DESCRIPCIÓN FÍSICA
Extensión xxix, 587 páginas ;
Otras características físicas ilustraciones a colores, gráficos ; Tapa blanda ;
Dimensiones 21 x 27 centímetros ;
Tipo de unidad Rústico ;
Tamaño de la unidad Tamaño carta
336 ## - TIPO DE CONTENIDO
Fuente rdacontent
Término de tipo de contenido texto
Código de tipo de contenido txt
337 ## - TIPO DE MEDIO
Fuente rdamedia
Nombre/término del tipo de medio no mediado
Código del tipo de medio n
338 ## - TIPO DE SOPORTE
Nombre/término del tipo de soporte volumen
Código del tipo de soporte nc
Fuente rdacarrier
505 2# - NOTA DE CONTENIDO CON FORMATO
Nota de contenido con formato Parte 1. El fundamento de la teoría y la práctica de la administración.- Capítulo 1. Administración: ciencia, teoría y práctica.- Capítulo 2. Administración y sociedad: ambiente externo, responsabilidad social y ética.- Capítulo 3. Administración global, comparada y de calidad.-<br/>
505 2# - NOTA DE CONTENIDO CON FORMATO
Nota de contenido con formato Parte 2. Planeación.- Capítulo 4. Elementos esenciales de la planeación y la administración por objetivos.- Capítulo 5. Estrategias, políticas y premisas de la planeación.- Capítulo 6. Toma de decisiones.-<br/>
505 2# - NOTA DE CONTENIDO CON FORMATO
Nota de contenido con formato Parte 3. Organización.- Capítulo 7. Naturaleza de la organización, el espíritu emprendedor y la reingeniería.- Capítulo 8. Estructura de la organización: departamentalización.- Capítulo 9. Autoridad de línea, personal de staff, delegación de poder de decisión (empowerment) y descentralización.- Capítulo 10. Organización eficaz y cultura organizacional<br/>
505 2# - NOTA DE CONTENIDO CON FORMATO
Nota de contenido con formato Parte 4. Integración (Staffing).- Capítulo 11. Administración y selección de recursos humanos.- Capítulo 12. Evaluación del desempeño y plan de la carrera.- Capítulo 13. Administrar el cambio mediante el desarrollo de los administradores y de la organización.-<br/>
505 2# - NOTA DE CONTENIDO CON FORMATO
Nota de contenido con formato Parte 5. Dirección.- Capítulo 14. Factores humanos y motivación.- Capítulo 15. Liderazgo.- Capítulo 16. Comités, equipos y toma grupal de decisiones.- Capítulo 17. Comunicación.-<br/>
505 2# - NOTA DE CONTENIDO CON FORMATO
Nota de contenido con formato Parte 6. Control.- Capítulo 18. Sistema y proceso de control.- Capítulo 19. Técnicas de control y tecnologías de la información.- Capítulo 20. Productividad, administración de operaciones y gestión de la calidad.-
520 ## - RESUMEN, ETC.
Sumario, etc. Esta decimosexta edición de Administración. Una perspectiva global, emprendedora y de innovación integra la dimensión global con las iniciativas emprendedoras y los desarrollos innovadores de la administración. Como sabemos, la perspectiva global resulta esencial en un entorno en que se diluyen las barreras nacionales y se establecen cada vez más alianzas comerciales; el espíritu emprendedor es el motor de gran parte del éxito organizacional y del capital humano.
650 ## - PUNTO DE ACCESO ADICIONAL DE MATERIA--TÉRMINO DE MATERIA
Término de materia o nombre geográfico como elemento de entrada ADMINISTRACIÓN GENERAL
9 (RLIN) 1507
650 ## - PUNTO DE ACCESO ADICIONAL DE MATERIA--TÉRMINO DE MATERIA
Término de materia o nombre geográfico como elemento de entrada ADMINISTRATIVA GERENCIAL
9 (RLIN) 5936
653 10 - TÉRMINO DE INDIZACIÓN--NO CONTROLADO
Término no controlado ADMINISTRACIÓN GLOBAL
653 10 - TÉRMINO DE INDIZACIÓN--NO CONTROLADO
Término no controlado ORGANIZACIÓN EMPRESARIAL
653 10 - TÉRMINO DE INDIZACIÓN--NO CONTROLADO
Término no controlado INTEGRACIÓN DE PERSONAL
700 ## - ENTRADA AGREGADA--NOMBRE PERSONAL
Nombre de persona Heinz Weihrich ; Mark Cannice
Término indicativo de función/relación Autores
9 (RLIN) 21
700 ## - ENTRADA AGREGADA--NOMBRE PERSONAL
Nombre de persona Pilar Mascaró Sacristán
Término indicativo de función/relación Traducción
9 (RLIN) 6230
942 ## - ELEMENTOS DE ENTRADA SECUNDARIOS (KOHA)
Fuente del sistema de clasificación o colocación Clasificación Decimal Dewey
Tipo de ítem Koha Libros
Suprimir en OPAC No
Edición 21
Holdings
Estatus retirado Estado de pérdida Fuente del sistema de clasificación o colocación Estado de daño No para préstamo Colección Biblioteca de origen Biblioteca actual Ubicación en estantería Fecha de adquisición Fuente de adquisición Número de inventario Total de préstamos Signatura topográfica completa Visto por última vez Copia número Precio de reemplazo Tipo de ítem Koha
    Clasificación Decimal Dewey     Administrativa Gerencial Biblioteca Especializada de Administración de Empresas Biblioteca Especializada de Administración de Empresas Administración general 11/05/2026 Compra HBAEOA06-0617   658.3/K828a.16 11/05/2026 1 11/05/2026 Libros